[Event "Konnerud GP"]
[Site "Konnerud"]
[Date "2017.11.18"]
[Round "3"]
[White "Stokke, Jan"]
[Black "Olsen, William Alexander"]
[Result "1-0"]
[WhiteElo "1824"]
[BlackElo "1223"]
[PlyCount "99"]
[EventDate "2017.11.18"]
[EventType "swiss"]
[EventRounds "5"]
[EventCountry "NOR"]
[SourceTitle "EXT 2024"]
[Source "ChessBase"]
[SourceDate "2023.10.10"]
[SourceVersion "1"]
[SourceVersionDate "2023.10.10"]
[SourceQuality "1"]

1. Nf3 d5 2. d4 Nf6 3. e3 Bf5 4. c4 e6 5. Nc3 Nbd7 6. Be2 b6 7. cxd5 exd5 8. 0-0 Be7 9. a3 0-0 10. b4 c5 11. dxc5 bxc5 12. b5 Nb6 13. a4 c4 14. a5 Nc8 15. Nd4 Be6 16. Nc6 Qc7 17. Bf3 Qd7 18. e4 dxe4 19. Qxd7 Bxd7 20. Nxe4 Bxc6 21. bxc6 Nxe4 22. Bxe4 Nd6 23. Bf3 Bf6 24. Bf4 Nb5 25. Ra4 Bd8 26. c7 Bxc7 27. Bxc7 Rac8 28. Bf4 c3 29. Rc1 Rfe8 30. g3 Red8 31. Bb7 Rc5 32. Be3 Rc7 33. a6 c2 34. Ra2 Rd1+ 35. Kg2 Rxc1 36. Bxc1 Nd4 37. Ra3 h6 38. Re3 Rc4 39. Kf1 Rb4 40. Ke1 Nb3 41. Rxb3 Rxb3 42. Kd2 Rb6 43. Kxc2 Rb4 44. Be3 Rc4+ 45. Kd3 Rc7 46. Bxa7 Kf8 47. Bb6 Rd7+ 48. Kc4 Ke7 49. Bc6 Rd6 50. Bc5 1-0

[Event "Drammen CC-ch Class2"]
[Site "Drammen"]
[Date "2016.04.??"]
[Round "10"]
[White "Stokke, Jan"]
[Black "Edvardsen, Ragnar"]
[Result "0-1"]
[WhiteElo "1715"]
[BlackElo "1780"]
[PlyCount "110"]
[EventDate "2016.02.02"]
[EventType "swiss"]
[EventRounds "9"]
[EventCountry "NOR"]
[SourceTitle "EXT 2024"]
[Source "ChessBase"]
[SourceDate "2023.10.10"]
[SourceVersion "1"]
[SourceVersionDate "2023.10.10"]
[SourceQuality "1"]

1. Nf3 c5 2. c4 Nc6 3. d4 cxd4 4. Nxd4 g6 5. e4 Bg7 6. Be3 d6 7. Nc3 Nf6 8. Be2 Bd7 9. 0-0 0-0 10. Rc1 a6 11. Qd2 Rc8 12. f3 Nxd4 13. Bxd4 Qa5 14. Rfd1 Rfe8 15. b3 b5 16. Qb2 bxc4 17. Bxc4 Be6 18. Bxe6 fxe6 19. Ne2 e5 20. Be3 Qb5 21. Nc3 Qb7 22. Qd2 Kf7 23. Na4 Nd7 24. Nc3 Nf6 25. g4 h5 26. g5 Nd7 27. Na4 Bf8 28. Kg2 e6 29. Nb2 Rxc1 30. Rxc1 d5 31. Rd1 d4 32. Bf2 Bb4 33. Qe2 Rc8 34. Nc4 Qb5 35. Bg3 Be7 36. h4 Kf8 37. Qf1 a5 38. f4 Kg7 39. fxe5 a4 40. Qd3 axb3 41. axb3 Nc5 42. Qxd4 Rd8 43. Nd6 Qe2+ 44. Kh3 Nxe4 45. Qd3 Qg4+ 46. Kh2 Nxg3 47. Rg1 Qxh4+ 48. Kg2 Bxd6 49. Qxg3 Qxg3+ 50. Kxg3 Bxe5+ 51. Kf3 Rb8 52. Ke4 Bd6 53. Ra1 Rb4+ 54. Kd3 Rxb3+ 55. Kc4 Rg3 0-1

[Event "Drammen CC Autumn"]
[Site "Drammen"]
[Date "2014.08.19"]
[Round "1"]
[White "Brokke, Otto"]
[Black "Stokke, Jan"]
[Result "0-1"]
[WhiteElo "1371"]
[BlackElo "1715"]
[PlyCount "134"]
[EventDate "2014.08.19"]
[EventType "swiss"]
[EventRounds "6"]
[EventCountry "NOR"]
[SourceTitle "EXT 2024"]
[Source "ChessBase"]
[SourceDate "2023.10.10"]
[SourceVersion "1"]
[SourceVersionDate "2023.10.10"]
[SourceQuality "1"]

1. e4 c5 2. Nf3 Nc6 3. d4 cxd4 4. Nxd4 d6 5. Bb5 Bd7 6. Nc3 g6 7. Be3 Bg7 8. 0-0 Nf6 9. a3 0-0 10. f3 Rc8 11. Nxc6 Bxc6 12. Bxc6 Rxc6 13. Ne2 a6 14. c3 Qc8 15. Qb3 Nd7 16. Rad1 b5 17. Nf4 Bh6 18. Kh1 Re8 19. Nd5 Bxe3 20. Nxe3 Nf6 21. Rd2 Rc5 22. Ng4 Nxg4 23. fxg4 Rc4 24. h3 Qe6 25. Rd4 Rec8 26. Re1 Rxd4 27. Qxe6 fxe6 28. cxd4 Rc2 29. b4 Rc3 30. a4 bxa4 31. Ra1 a3 32. g5 Kg7 33. Kh2 h6 34. h4 hxg5 35. hxg5 Kf7 36. Ra2 Ke8 37. Kg1 Kd7 38. d5 e5 39. Kf2 Kc7 40. Ke2 Kb6 41. Kd2 Rg3 42. Kc2 Kb5 43. Kc1 Rc3+ 44. Kb1 Rb3+ 45. Ka1 Kxb4 46. Rf2 Re3 47. Rf8 Rxe4 48. Rb8+ Kc5 49. Ka2 Rg4 50. Rb7 Rxg5 51. Rxe7 Rg3 52. Ra7 Kxd5 53. Rxa6 Ke6 54. Kb1 Rxg2 55. Rxa3 Kf5 56. Rd3 Ke6 57. Kc1 d5 58. Kd1 d4 59. Ke1 Kf5 60. Rh3 g5 61. Kf1 Ra2 62. Rf3+ Ke4 63. Rf7 Ke3 64. Rf5 Ra1+ 65. Kg2 e4 66. Rxg5 d3 67. Rg3+ Ke2 0-1

[Event "Drammen CC-ch"]
[Site "Drammen"]
[Date "2013.02.19"]
[Round "4"]
[White "Eriksen, Terje"]
[Black "Stokke, Jan"]
[Result "1-0"]
[WhiteElo "2081"]
[BlackElo "1779"]
[PlyCount "74"]
[EventDate "2013.01.15"]
[EventType "swiss"]
[EventRounds "9"]
[EventCountry "NOR"]
[SourceTitle "EXT 2024"]
[Source "ChessBase"]
[SourceDate "2023.10.10"]
[SourceVersion "1"]
[SourceVersionDate "2023.10.10"]
[SourceQuality "1"]

1. Nf3 d5 2. d4 Nf6 3. c4 c6 4. Qc2 e6 5. g3 Be7 6. Bg2 0-0 7. 0-0 b6 8. Nbd2 Nbd7 9. b3 Bb7 10. Bb2 Rc8 11. e4 c5 12. e5 Ng4 13. h3 Nh6 14. dxc5 Bxc5 15. Qd3 Nf5 16. g4 Ne7 17. Bd4 Nc6 18. Bxc5 Nxc5 19. Qe2 Qe7 20. Rad1 Rcd8 21. Rfe1 Rfe8 22. Qe3 h6 23. a3 a5 24. Qc3 Ne4 25. Qb2 Qc5 26. Nxe4 dxe4 27. Rxd8 Rxd8 28. Rxe4 Rd1+ 29. Re1 Rxe1+ 30. Nxe1 Nd8 31. Nd3 Qc7 32. Qc3 Bxg2 33. Kxg2 Qb7+ 34. f3 Nc6 35. b4 axb4 36. axb4 Ne7 37. Qd2 g5 1-0

[Event "Drammen CC-ch"]
[Site "Drammen"]
[Date "2013.01.22"]
[Round "2"]
[White "Hamre, Einar"]
[Black "Stokke, Jan"]
[Result "1-0"]
[WhiteElo "1767"]
[BlackElo "1779"]
[PlyCount "27"]
[EventDate "2013.01.15"]
[EventType "swiss"]
[EventRounds "9"]
[EventCountry "NOR"]
[SourceTitle "EXT 2024"]
[Source "ChessBase"]
[SourceDate "2023.10.10"]
[SourceVersion "1"]
[SourceVersionDate "2023.10.10"]
[SourceQuality "1"]

1. e4 g6 2. d4 Bg7 3. Nc3 c5 4. Be3 cxd4 5. Bxd4 Nf6 6. e5 Nh5 7. Qd3 d6 8. exd6 Bxd4 9. Qxd4 0-0 10. 0-0-0 Nc6 11. Qc5 exd6 12. Rxd6 Qe7 13. Nf3 Nd8 14. Rxg6+ 1-0

[Event "Drammen Autumn"]
[Site "Drammen"]
[Date "2010.10.26"]
[Round "6"]
[White "Egede Nissen, Bjorn"]
[Black "Stokke, Jan"]
[Result "1/2-1/2"]
[WhiteElo "1890"]
[BlackElo "1799"]
[PlyCount "96"]
[EventDate "2010.09.07"]
[EventType "swiss"]
[EventRounds "9"]
[EventCountry "NOR"]
[SourceTitle "EXT 2024"]
[Source "ChessBase"]
[SourceDate "2023.10.10"]
[SourceVersion "1"]
[SourceVersionDate "2023.10.10"]
[SourceQuality "1"]

1. e4 c6 2. d4 d5 3. Nc3 dxe4 4. Nxe4 Nf6 5. Ng5 h6 6. N5f3 Bf5 7. Ne2 e6 8. Nc3 Bh7 9. Bd3 Bxd3 10. Qxd3 Bd6 11. Be3 Nbd7 12. 0-0-0 Qc7 13. Kb1 0-0-0 14. Ne2 g5 15. g3 Kb8 16. c4 c5 17. Nc3 a6 18. d5 Ne5 19. Qe2 Nxf3 20. Qxf3 Be5 21. Na4 g4 22. Qe2 b6 23. dxe6 fxe6 24. Rxd8+ Rxd8 25. Re1 Qh7+ 26. Qc2 Qxc2+ 27. Kxc2 Nd7 28. b4 cxb4 29. Nxb6 Bc3 30. Rd1 Kc7 31. Na4 Bg7 32. Rd2 h5 33. Kb3 a5 34. Nb6 Bc3 35. Rxd7+ Rxd7 36. Nxd7 Kxd7 37. Bb6 Kc6 38. Bxa5 Be1 39. Bxb4 Bxf2 40. Kc2 Bg1 41. Kd3 Bxh2 42. Be1 Bg1 43. Ke4 Kc5 44. a4 Kxc4 45. a5 Kb5 46. Kf4 Bh2 47. Kg5 Bxg3 48. Bxg3 Kxa5 1/2-1/2

[Event "Drammens CC-ch"]
[Site "Drammen"]
[Date "2010.03.02"]
[Round "5"]
[White "Egede Nissen, Bjorn"]
[Black "Stokke, Jan"]
[Result "1/2-1/2"]
[WhiteElo "1875"]
[BlackElo "1747"]
[PlyCount "109"]
[EventDate "2010.01.12"]
[EventType "tourn"]
[EventRounds "7"]
[EventCountry "NOR"]
[SourceTitle "EXT 2024"]
[Source "ChessBase"]
[SourceDate "2023.10.10"]
[SourceVersion "1"]
[SourceVersionDate "2023.10.10"]
[SourceQuality "1"]

1. e4 c5 2. Nf3 Nc6 3. d4 cxd4 4. Nxd4 e6 5. Nc3 Bb4 6. Nxc6 dxc6 7. Qf3 Nf6 8. e5 Nd5 9. Bd2 Qa5 10. Be2 Nxc3 11. bxc3 Qxe5 12. 0-0 Bd6 13. g3 Qf6 14. Qd3 e5 15. Be3 Bf5 16. Qd2 0-0 17. c4 Bc7 18. Qc3 Qg6 19. Bd3 b6 20. a4 c5 21. Bxf5 Qxf5 22. Rad1 Rad8 23. Rd5 Rd7 24. Qb3 h5 25. f3 Rfd8 26. Kg2 Rxd5 27. cxd5 e4 28. c4 exf3+ 29. Rxf3 Qe4 30. Bf2 Re8 31. Qd3 Bd6 32. Qc3 Re5 33. Qb3 g6 34. Qc3 g5 35. Qd3 Kg7 36. Kf1 Qxd3+ 37. Rxd3 Re4 38. Rc3 Be5 39. Rc2 Kf6 40. a5 Bd4 41. axb6 axb6 42. Be1 Be5 43. Rc1 Kf5 44. Bf2 f6 45. Rb1 Rxc4 46. Rxb6 Rc1+ 47. Kg2 Rc2 48. Kf1 c4 49. Rc6 c3 50. h3 g4 51. hxg4+ hxg4 52. Be1 Rc1 53. Ke2 Rc2+ 54. Kf1 Rc1 55. Ke2 1/2-1/2